NBA : Le 5 majeur des franchises en play-off (2024-2025) - Statistiques

Statistiques générales
  • Ce quiz a été pris 244 fois
    150 depuis la dernière actualisation
  • Le résultat moyen est 58 sur 80
Statistiques - réponses
Franchises Joueurs % Correct
Boston Celtic Jason Tatum
98%
Indiana Pacers Tyrese Haliburton
97%
New-York Knicks Jalen Brunson
96%
Boston Celtic Jaylen Brown
96%
New-York Knicks Karl Anthony Towns
96%
Golden State Warriors Stephen Curry
96%
Miami Heat Davion Mitchell
95%
Cleveland Cavaliers Donovan Mitchell
95%
Los Angeles Lakers Lebron James
95%
Memphis Grizzlies Ja Morant
94%
Milwaukee Bucks Giannis Antetokounmpo
93%
Minnesota Timberwolves Anthony Edwards
92%
Detroit Pistons Cade Cunningham
92%
Golden State Warriors Draymond Green
92%
Houston Rockets Jalen Green
92%
Denver Nuggets Nikola Jokic
92%
Oklahoma Thunder Shai Gilgeous-Alexander
92%
Minnesota Timberwolves Rudy Gobert
91%
Los Angeles Lakers Luka Doncic
90%
Cleveland Cavaliers Darius Garland
89%
Boston Celtic Derrick White
89%
Denver Nuggets Jamal Murray
89%
Orlando Magic Paolo Banchero
89%
Los Angeles Clippers Kawhi Leonard
88%
Miami Heat Bam Adebayo
87%
Los Angeles Clippers James Harden
86%
Indiana Pacers Pascal Siakam
86%
Orlando Magic Franz Wagner
85%
Golden State Warriors Jimmy Butler
85%
Boston Celtic Jrue Holiday
85%
Cleveland Cavaliers Evan Mobley
84%
Cleveland Cavaliers Jarrett Allen
84%
Los Angeles Lakers Austin Reaves
83%
Oklahoma Thunder Chet Holmgren
83%
Oklahoma Thunder Jalen Williams
83%
Milwaukee Bucks Damian Lillard
82%
Miami Heat Tyler Herro
82%
Houston Rockets Alperen Sengun
81%
Indiana Pacers Myles Turner
81%
Denver Nuggets Aaron Gordon
79%
Memphis Grizzlies Jaren Jackson Jr
79%
Houston Rockets Amen Thompson
77%
Detroit Pistons Ausar Thompson
77%
Los Angeles Clippers Ivica Zubac
77%
Oklahoma Thunder Luguentz Dort
76%
Minnesota Timberwolves Julius Randle
75%
New-York Knicks Mikal Bridges
75%
New-York Knicks OG Anunoby
75%
Detroit Pistons Jalen Duren
73%
Denver Nuggets Michael Porter Jr
73%
Milwaukee Bucks Brook Lopez
71%
Oklahoma Thunder Isaiah Hartenstein
69%
Memphis Grizzlies Desmond Bane
68%
Los Angeles Lakers Rui Hachimura
68%
Boston Celtic Al Horford
67%
Houston Rockets Fred VanVleet
67%
Indiana Pacers Andrew Nembhard
65%
Minnesota Timberwolves Mike Conley
62%
Minnesota Timberwolves Jaden McDaniels
61%
Denver Nuggets Christian Braun
55%
Indiana Pacers Aaron Nesmith
54%
Houston Rockets Dillon Brooks
54%
Cleveland Cavaliers Max Strus
54%
New-York Knicks Mitchel Robinson
54%
Milwaukee Bucks Kyle Kuzma
53%
Los Angeles Lakers Jaxson Hayes
51%
Los Angeles Clippers Norman Powell
49%
Golden State Warriors Jonathan Kuminga
48%
Detroit Pistons Tobias Harris
44%
Miami Heat Andrew Wiggins
42%
Orlando Magic Kentavious Caldwell-Pope
41%
Los Angeles Clippers Nicolas Batum
41%
Orlando Magic Wendell Carter Jr
41%
Memphis Grizzlies Zack Edey
40%
Milwaukee Bucks Gary Trent Jr
35%
Detroit Pistons Tim Hardaway Jr
35%
Golden State Warriors Buddy Hield
29%
Miami Heat Kel'el Ware
27%
Memphis Grizzlies Scotty Pippen Jr
19%
Orlando Magic Cory Joseph
7%
Aucun quiz correspondant
Distribution des résultats
% des personnes avec chaque résultat
Percentile par nombre de réponses
Votre historique - résultats
Vous n’avez pas pris ce quiz depuis la dernière actualisation